| 000 | 01924cam a22003491a 4500 | ||
|---|---|---|---|
| 001 | 9597925 | ||
| 003 | BLK | ||
| 005 | 20231030114812.0 | ||
| 008 | 770801s1885 fr 000 0 fre | ||
| 010 | _a 01022043 | ||
| 040 |
_cBLK _aBLK |
||
| 041 |
_aFRE _cFRE |
||
| 080 |
_aСредновековна и нова обща история _b94 _z94 |
||
| 245 | 1 | 3 | _aLes scandales de Saint-Petersbourg |
| 250 | _a3. ed. | ||
| 260 |
_aParis _bAlbert Savine _c1887 _9436025 |
||
| 300 |
_a327 с. _c17 см |
||
| 380 | _a9 | ||
| 490 |
_9435080 _aКолекция Редки и ценни издания |
||
| 490 |
_9435931 _aЛична библиотека на Захари Стоянов _g№ 58 |
||
| 500 | _aДатирано: 27.IV.1936 г. № 213 | ||
| 653 | 7 |
_9187889 _aистория |
|
| 852 |
_aРф 1887 ЗСт _bРц |
||
| 856 |
_fСъдържание _lreg users access _qjpg _uhttp://185.138.176.146:18082/cgi-bin/koha/opac-retrieve-file.pl?id=cca9d796d38dbb76ac1a44a7d4b01f39 _xpicjpg _zСъдържание 1 |
||
| 856 |
_fСъдържание _lreg users access _qjpg _uhttp://185.138.176.146:18082/cgi-bin/koha/opac-retrieve-file.pl?id=2786b8c4894ea7b805c7098e1bb977ee _xpicjpg _zСъдържание 2 |
||
| 856 |
_fСъдържание _lreg users access _qjpg _uhttp://185.138.176.146:18082/cgi-bin/koha/opac-retrieve-file.pl?id=aa98a232cefbd4b7b4c288c1ffef3fe9 _xpicjpg _zСъдържание 3 |
||
| 856 |
_fСъдържание _lreg users access _qjpg _uhttp://185.138.176.146:18082/cgi-bin/koha/opac-retrieve-file.pl?id=e8a80ca606c5e2750b96165255eb533d _xpicjpg _zСъдържание 4 |
||
| 856 |
_fСъдържание _lreg users access _qjpg _uhttp://185.138.176.146:18082/cgi-bin/koha/opac-retrieve-file.pl?id=48408ce5f194590f7793d29b00eed643 _xpicjpg _zСъдържание 5 |
||
| 942 |
_2udc _cKNG _n0 _s1 _01 |
||
| 944 |
_aCR _c2020-11-06 _k30542 _lРусанова Ирена |
||
| 999 |
_c391385 _d391385 |
||
| 999 | _d391385 | ||